000 00367nam a2200145Ia 4500
008 240729s9999 xx 000 0 und d
022 _a2399-8121
245 0 _aResearch for All
260 _aUnited Kingdom
260 _bUCL Press
650 _aGeneral Works
856 _uhttps://doaj.org/toc/178be84c53e141d2ab852340327ebb3e
942 _2ddc
942 _cDOAJEJ
999 _c73743
_d73743
945 _a1
_bMadushi Gamage
_c1
_dMadushi Gamage